[Event "Donostia Gipuzkoa-ch"]
[Site "San Sebastian"]
[Date "2012.12.01"]
[Round "7"]
[White "Arana Garate, Jon"]
[Black "Parron Luceno, David"]
[Result "1-0"]
[WhiteElo "1885"]
[BlackElo "1580"]
[PlyCount "98"]
[EventDate "2012.10.20"]
[EventType "swiss"]
[EventRounds "7"]
[EventCountry "ESP"]
[SourceTitle "EXT 2014"]
[Source "ChessBase"]
[SourceDate "2013.11.20"]
[SourceVersion "1"]
[SourceVersionDate "2013.11.20"]
[SourceQuality "1"]

1. d4 d5 2. Nf3 e6 3. Bf4 Bd6 4. e3 c6 5. c3 Bxf4 6. exf4 Nf6 7. Bd3 Nbd7 8. 0-0 Qc7 9. Ne5 g6 10. Nd2 Nxe5 11. fxe5 Nh5 12. f4 c5 13. g4 Ng7 14. Nf3 c4 15. Bc2 Bd7 16. Qd2 h5 17. g5 Nf5 18. Bxf5 exf5 19. h4 Be6 20. Ne1 0-0 21. Nc2 a6 22. Ne3 b5 23. a4 Rfb8 24. Rfb1 Qc6 25. axb5 axb5 26. Nc2 Rxa1 27. Rxa1 Ra8 28. Qe1 Rxa1 29. Qxa1 Qb6 30. Qa8+ Kg7 31. Nb4 Qc7 32. Kf2 Qd7 33. Ke3 Kh7 34. Kd2 Kg7 35. Kc2 Kh7 36. Kb1 Kg7 37. Na6 Qc8 38. Qxc8 Bxc8 39. Nc7 Bd7 40. Nxd5 Bc6 41. Ne3 Be4+ 42. Ka2 Kf8 43. Ka3 Bc6 44. Kb4 Ke7 45. Kc5 Be8 46. Nd5+ Kf8 47. Nc7 Bd7 48. Nxb5 Ke7 49. Kxc4 Bc8 1-0

[Event "Donostia Gipuzkoa-ch"]
[Site "San Sebastian"]
[Date "2012.10.20"]
[Round "1"]
[White "Arana Garate, Jon"]
[Black "Argandona Riveiro, Inigo"]
[Result "0-1"]
[WhiteElo "1885"]
[BlackElo "2402"]
[PlyCount "80"]
[EventDate "2012.10.20"]
[EventType "swiss"]
[EventRounds "7"]
[EventCountry "ESP"]
[SourceTitle "EXT 2014"]
[Source "ChessBase"]
[SourceDate "2013.11.20"]
[SourceVersion "1"]
[SourceVersionDate "2013.11.20"]
[SourceQuality "1"]

1. d4 g6 2. Nf3 Bg7 3. e4 c6 4. Bc4 d5 5. exd5 cxd5 6. Bb5+ Nc6 7. c3 Nf6 8. Ne5 Bd7 9. Nxd7 Qxd7 10. 0-0 0-0 11. Bf4 a6 12. Bd3 b5 13. a3 Nh5 14. Be3 f5 15. f4 Nf6 16. Nd2 Qa7 17. Qe2 Nd8 18. a4 b4 19. cxb4 Nc6 20. Nf3 Nxb4 21. Kh1 Rab8 22. Bb1 a5 23. Bd2 Ne4 24. Bc3 Rfc8 25. Re1 Rc6 26. Ra3 Rb7 27. Bxe4 dxe4 28. Ne5 Bxe5 29. fxe5 e6 30. g4 Nd3 31. gxf5 gxf5 32. Rg1+ Rg7 33. Raa1 Rcc7 34. Rg3 f4 35. Rxd3 exd3 36. Qxd3 Qa8+ 37. d5 Rcd7 38. Qf3 Rxd5 39. Rf1 Qb7 40. h4 Rd3 0-1

[Event "San Sebastian op 34th"]
[Site "San Sebastian"]
[Date "2011.04.22"]
[Round "8"]
[White "Arana Garate, Jon"]
[Black "Navarrete Espi, Samuel"]
[Result "0-1"]
[WhiteElo "1924"]
[BlackElo "2127"]
[PlyCount "79"]
[EventDate "2011.04.16"]
[EventType "swiss"]
[EventRounds "9"]
[EventCountry "ESP"]
[SourceTitle "CBM 141 Extra"]
[Source "ChessBase"]
[SourceDate "2011.05.03"]
[SourceVersion "1"]
[SourceVersionDate "2011.05.03"]
[SourceQuality "1"]

1. d4 Nf6 2. c4 g6 3. Nc3 Bg7 4. e4 d6 5. f3 0-0 6. Be3 Nc6 7. Qd2 a6 8. Nge2 Rb8 9. Nc1 e5 10. d5 Nd4 11. Nb3 c5 12. dxc6 bxc6 13. Nxd4 exd4 14. Bxd4 Re8 15. Be2 d5 16. cxd5 Rb4 17. Bc5 Nxe4 18. fxe4 Bxc3 19. Qxc3 Rbxe4 20. 0-0 Rxe2 21. Qf3 Qxd5 22. Qxd5 cxd5 23. Bd4 R8e4 24. Rf2 Bf5 25. Rd1 h5 26. Bf6 Rxf2 27. Kxf2 Bg4 28. Rf1 d4 29. h3 Be2 30. Re1 d3 31. Bc3 h4 32. Bd2 f5 33. Rc1 f4 34. Re1 Kh7 35. Rc1 Kh6 36. a3 Kh5 37. Rc5+ g5 38. b3 Bd1 39. Kg1 Bxb3 40. Ra5 0-1

[Event "Euskadi-chT (Vasca) Div 1st"]
[Site "Bergara"]
[Date "2011.02.12"]
[Round "6"]
[White "Arana Garate, Jon"]
[Black "Alvarado Fernandez, Mikel"]
[Result "0-1"]
[WhiteElo "1924"]
[BlackElo "1999"]
[PlyCount "66"]
[EventDate "2011.01.08"]
[EventType "team-tourn"]
[EventRounds "9"]
[EventCountry "ESP"]
[SourceTitle "EXT 2024"]
[Source "ChessBase"]
[SourceDate "2023.10.10"]
[SourceVersion "1"]
[SourceVersionDate "2023.10.10"]
[SourceQuality "1"]

1. d4 d5 2. Nf3 c6 3. Bf4 Nf6 4. e3 Qb6 5. b3 Bg4 6. Be2 Nbd7 7. h3 Bf5 8. 0-0 h6 9. c4 e6 10. c5 Qd8 11. Nc3 Be7 12. b4 0-0 13. a4 Qc8 14. b5 Bd8 15. Bd6 Re8 16. Ne5 Be7 17. bxc6 bxc6 18. Nxd7 Nxd7 19. Bg3 e5 20. Bd3 Bxd3 21. Qxd3 Rb8 22. Rab1 Qc7 23. e4 dxe4 24. Nxe4 Qa5 25. dxe5 Rxb1 26. Rxb1 Nxc5 27. Nxc5 Bxc5 28. Qd7 Rd8 29. Qxc6 Qc3 30. Qe4 Qxg3 31. e6 Qxf2+ 32. Kh1 fxe6 33. Qxe6+ Kh8 0-1

[Event "Gipuzkoa Province-ch"]
[Site "Azkoitia"]
[Date "2010.11.06"]
[Round "4"]
[White "Arana Garate, Jon"]
[Black "Zubia Aramburu, Mikel"]
[Result "1-0"]
[WhiteElo "1959"]
[BlackElo "1834"]
[PlyCount "95"]
[EventDate "2010.10.16"]
[EventType "swiss"]
[EventRounds "7"]
[EventCountry "ESP"]
[SourceTitle "EXT 2014"]
[Source "ChessBase"]
[SourceDate "2013.11.20"]
[SourceVersion "1"]
[SourceVersionDate "2013.11.20"]
[SourceQuality "1"]

1. d4 d5 2. Nf3 Nf6 3. c4 c6 4. Nc3 e6 5. Bg5 Nbd7 6. e3 Be7 7. Qc2 0-0 8. Bd3 h6 9. Bh4 dxc4 10. Bxc4 b5 11. Be2 a6 12. 0-0 Bb7 13. Rfd1 Qb6 14. Ne5 Rfe8 15. Nxd7 Nxd7 16. Bxe7 Rxe7 17. Ne4 Rd8 18. Nc5 Nf6 19. Bf3 Nd5 20. Rac1 Ba8 21. Qb3 a5 22. Nd3 Ra7 23. Bxd5 cxd5 24. Rc5 b4 25. Rdc1 Bb7 26. Qa4 Raa8 27. Rb5 Bc6 28. Rxb6 Bxa4 29. Rc7 Rdc8 30. Rbb7 Rxc7 31. Rxc7 Bb5 32. Nc5 a4 33. Rb7 Bc4 34. Rxb4 Bxa2 35. Rxa4 Rxa4 36. Nxa4 Kf8 37. Kf1 Ke7 38. Ke1 Kd6 39. Kd2 Bc4 40. Nc5 g5 41. Nd3 f6 42. f4 g4 43. g3 h5 44. Kc3 Bb5 45. Nc5 e5 46. Kb4 Bc6 47. Ka5 exf4 48. exf4 1-0

[Event "Gipuzkoa Province-ch"]
[Site "Azkoitia"]
[Date "2010.10.30"]
[Round "3"]
[White "Goni Garmendia, Aitor"]
[Black "Arana Garate, Jon"]
[Result "1/2-1/2"]
[WhiteElo "1806"]
[BlackElo "1959"]
[PlyCount "103"]
[EventDate "2010.10.16"]
[EventType "swiss"]
[EventRounds "7"]
[EventCountry "ESP"]
[SourceTitle "EXT 2014"]
[Source "ChessBase"]
[SourceDate "2013.11.20"]
[SourceVersion "1"]
[SourceVersionDate "2013.11.20"]
[SourceQuality "1"]

1. e4 d6 2. d4 Nf6 3. Nc3 g6 4. f3 c6 5. Be3 b5 6. a4 b4 7. Na2 a5 8. Bc4 Nbd7 9. Ne2 Nb6 10. Bb3 Bg7 11. c3 bxc3 12. Naxc3 0-0 13. 0-0 Ba6 14. Rc1 Nfd7 15. f4 Nc4 16. Bxc4 Bxc4 17. b3 Ba6 18. Rf3 Rc8 19. Qd2 c5 20. f5 cxd4 21. Nxd4 Nf6 22. Bh6 Rxc3 23. Rfxc3 Nxe4 24. Qe3 Nxc3 25. Bxg7 Kxg7 26. Qxc3 Qb6 27. Kh1 Kg8 28. Nc6 Re8 29. fxg6 hxg6 30. Qxa5 Qxa5 31. Nxa5 Rb8 32. Kg1 Kf8 33. Kf2 Ke8 34. Rc7 Bd3 35. Rxe7+ Kxe7 36. Nc6+ Kd7 37. Nxb8+ Kc7 38. Ke3 Bf1 39. Kf2 Bd3 40. Ke3 Bc2 41. Na6+ Kb6 42. Nb4 Bxb3 43. Kd4 Ka5 44. Nd5 Kxa4 45. Nf6 Kb5 46. h4 Kc6 47. g4 Bd1 48. h5 gxh5 49. gxh5 Bxh5 50. Nxh5 Kd7 51. Kd5 Ke7 52. Ng3 1/2-1/2

[Event "San Sebastian op 33rd"]
[Site "San Sebastian"]
[Date "2010.04.04"]
[Round "9"]
[White "Uriarte Prieto, Goyo"]
[Black "Arana Garate, Jon"]
[Result "1-0"]
[WhiteElo "2086"]
[BlackElo "1944"]
[PlyCount "69"]
[EventDate "2010.03.28"]
[EventType "swiss"]
[EventRounds "9"]
[EventCountry "ESP"]
[SourceTitle "CBM 135 Extra"]
[Source "ChessBase"]
[SourceDate "2010.05.04"]
[SourceVersion "1"]
[SourceVersionDate "2010.05.04"]
[SourceQuality "1"]

1. e4 d6 2. d4 Nf6 3. Nc3 g6 4. Be3 Bg7 5. Qd2 c6 6. Bh6 0-0 7. h4 Bxh6 8. Qxh6 Ng4 9. Qd2 h5 10. 0-0-0 Kg7 11. f3 Nf6 12. g4 b5 13. Kb1 Nbd7 14. e5 Nd5 15. Nxd5 cxd5 16. gxh5 Nb6 17. hxg6 fxg6 18. h5 Rh8 19. Bd3 Bf5 20. Bxf5 gxf5 21. Qg5+ Kf8 22. Qxf5+ Ke8 23. e6 Qc7 24. Ne2 Rf8 25. Qd3 Nc4 26. h6 Qa5 27. h7 Rh8 28. Rdg1 Kd8 29. b3 Na3+ 30. Kb2 b4 31. Rg8+ Kc7 32. Rxa8 Rxa8 33. h8Q Rxh8 34. Rxh8 Nb5 35. Re8 1-0

[Event "San Sebastian op 33rd"]
[Site "San Sebastian"]
[Date "2010.04.03"]
[Round "8"]
[White "Arana Garate, Jon"]
[Black "Torres Ganuza, Francisco Javier"]
[Result "0-1"]
[WhiteElo "1944"]
[BlackElo "2109"]
[PlyCount "52"]
[EventDate "2010.03.28"]
[EventType "swiss"]
[EventRounds "9"]
[EventCountry "ESP"]
[SourceTitle "CBM 135 Extra"]
[Source "ChessBase"]
[SourceDate "2010.05.04"]
[SourceVersion "1"]
[SourceVersionDate "2010.05.04"]
[SourceQuality "1"]

1. d4 Nf6 2. c4 g6 3. Nc3 d5 4. cxd5 Nxd5 5. e4 Nxc3 6. bxc3 Bg7 7. Bc4 0-0 8. Ne2 c5 9. Be3 Qc7 10. Rc1 Rd8 11. d5 Nd7 12. 0-0 a6 13. f4 b5 14. Bd3 c4 15. Bb1 Nf6 16. Qe1 Bb7 17. Qh4 e6 18. f5 exf5 19. exf5 Re8 20. fxg6 Rxe3 21. Rxf6 hxg6 22. Bxg6 fxg6 23. Rxg6 Rxe2 24. Rf1 Rae8 25. Qh6 Bxd5 26. Qh5 Qc5+ 0-1